Druhotné suroviny v intenzifikaci československé ekonomiky

Salvato in:
Dettagli Bibliografici
Autore principale: Šafář, Jiří
Altri autori: Sýkora, Arnošt
Natura: Libro
Lingua:ceco
Pubblicazione: Praha Svoboda 1987
Edizione:1. vyd.
Tags: Aggiungi Tag
Nessun Tag, puoi essere il primo ad aggiungerne!!

MARC

LEADER 00000nam a2200000 4500
001 c027070
005 20230105083732.4
041 0 |a cze 
044 |a CZ 
245 1 0 |a Druhotné suroviny v intenzifikaci československé ekonomiky  |c Jiří Šafář, Arnošt Sýkora 
250 |a 1. vyd. 
264 1 |a Praha  |b Svoboda  |c 1987 
300 |a 151 s. 
100 1 |a Šafář, Jiří 
700 1 |a Sýkora, Arnošt